000 01267cab a22002535a 4500
001 L141815
008 071221e20071123xxkbd f 000 0 eng d
035 _a(Sirsi) u141815
041 0 _aeng
100 1 _aRoss, Matt
245 0 4 _aThe Thames Gateway
_b2007-2008
260 _c2007
490 _aRegeneration and Renewal Supplement
_v23 November 2007, 19-35(12)
520 _aA collection of articles examining the progress that has been made in the redevelopment of the Thames Gateway and looking to the next stages. Examines project to date including details on the planning permissions so far granted. Warns that the targeted number of homes is a long way off. Examines various parts of the project and how they are being coordinated. Warns that the issue of immigration is being overlooked and that the BNP are making gains in some poorer areas as a result. Examines how plans for the Olympic legacy may succeed. Considers the implications for docklands, waterways and flood prevention.
650 2 4 _aOLYMPIC GAMES 2012
651 4 _aLondon
690 _aPROPERTY-PROPERTY MANAGEMENT-REGENERATION
700 1 _aRowe, Mark
700 1 _aWatson, Stuart
700 1 _aCarroll, Nicola
700 1 _aNeale, Jon
700 1 _aColeman, Paul
942 _n0
999 _c79596
_d79596